00965nam a22002657a 45000010005000000030006000050050017000110080041000280200018000690400029000870500014001160820010001301000027001402450149001672500044003162600037003603000060003975050008004575200091004655210020005565210020005766500037005966500037006337000029006707876FISKH20260310092437.0250813b cb ||||| |||| 00| 0 eng d a9780545499750 aFISKHbengcFISKHdFISKH aE332 .J86 a973.4 aJurmain, Suzanne Tripp aWorst of friends :bThomas Jefferson, John Adams and the true story of an American Feud / cBy Suzanne Tripp Jurmain : Illustrated by Larry Day aFirst Scholastic printing, October 2012 aNew York : bScholastic, c2011. a32 unnumbered pages : bcolor illustrations ;c28 cm .  aZ  aJohn Adams and Thomas Jefferson put aside their differences in the name of friendship.8 a920 bLexile 8 aZ bRaz-Plus  aAmerican RevolutionvNon-fiction aAmerican PresidentsvNon-fiction aDay, LarryeIllustrator